Statistiques concernant Histoire de l'Europe pour les nuls.

Cliquez ici pour prendre le quiz!

Statistiques générales

  • Ce quiz a été pris 14 542 fois
  • Le résultat moyen est 12 sur 15

Statistiques - réponses

QuestionRéponse% Correct
Qui était le dirigeant de l'Allemagne durant la majeure partie de la Seconde Guerre mondiale ?Adolf Hitler
98%
Quelle cité grecque est connue comme étant le «berceau de la démocratie » ?Athènes
96%
Qui a financé les voyages de Christophe Colomb ?L'Espagne
94%
Laquelle de ces années s'est-elle écoulée durant le Moyen-Age ?1200
92%
Qui a écrit le Manifeste du parti communiste ?Karl Marx
91%
Quelle était la langue officielle en Union Soviétique ?Le russe
91%
Qui a peint la chapelle Sixtine ?Michel-Ange
91%
Les Vikings utilisaient-ils des canons ?Non
88%
Quelle était la plus grande ville européenne lorsque Jésus naquit ?Rome
87%
Vrai ou faux : La population européenne est plus importante aujourd'hui qu'elle ne l'était il y a des milliers d'années.Vrai
86%
Laquelle de ces inventions nous vient d'Europe ?La machine à vapeur
69%
Combien de femmes Henry VIII d'Angleterre a-t-il eu ?6
66%
Quelle langue parlait Alexandre le Grand ?Grec
62%
Quel était le surnom du prince roumain Vlad III ?L'Empaleur
58%
Pour quelle raison Martin Luther est-il connu ?Pour avoir lancé la réforme protestante
54%

Distribution des résultats

Percentile par nombre de réponses

% des personnes avec chaque résultat

Votre développement - résultats

Vous n’avez pas pris ce quiz